| 000 | 00568nam a22001937a 4500 | ||
|---|---|---|---|
| 999 |
_c20320 _d20320 |
||
| 003 | BDDh-ASL | ||
| 005 | 20231015025855.0 | ||
| 008 | 201229s1966 enk||||| |||| 00| 0 eng d | ||
| 040 | _cBDDh-ASL | ||
| 082 |
_a297.09 _bAZS |
||
| 100 | 1 |
_92648 _aAhmad, Aziz |
|
| 245 | 1 | 0 | _aStudies in Islamic Culture in the Indian Environment / |
| 260 |
_aGreat Britain: _bOxford University Press, _c1966. |
||
| 300 |
_a311 p.: _c22 cm. |
||
| 504 | _aInclude Bibliographical References and Index | ||
| 650 | 0 |
_91652 _aIslam |
|
| 650 | 0 |
_92649 _aIslamic Culture |
|
| 942 |
_2ddc _cBK |
||